Países por porcentagem de mulheres na população - Statistics

Estatísticas Gerais
  • Esse quiz foi jogado 44 vezes
  • A pontuação média é 10 de 20
Estatísticas das Respostas
% Continente Países % Correto
53,57 Europa/Ásia Rússia
89%
35,99 Ásia EAU
65%
53,50 Europa Ucrânia
62%
39,35 Ásia Arábia Saudita
59%
53,68 Europa Letônia
57%
52,85 Europa Lituânia
57%
28,48 Ásia Catar
54%
53,40 Europa/Ásia Geórgia
54%
53,40 Europa Belarus
51%
38,84 Ásia Kuwait
51%
37,92 Ásia Bahrein
49%
53,61 Ásia Armênia
46%
37,92 Ásia Omã
46%
52,51 Europa Sérvia
46%
53,98 Europa Moldávia
43%
46,10 Oceania Palau
43%
52,59 Oceania Tonga
35%
46,50 Ásia Butão
27%
37,90 Ásia Maldivas
24%
44,82 África Seychelles
3%
Nenhum quiz correspondente encontrado
Distribuição das Pontuações
Porcentagem de Pessoas com Cada Pontuação
Percentil de Números Respondidos
Sua Pontuação Histórica
Você não jogou esse quiz